Statistics for Best cards in FIFA 23

Click here to take the quiz!

General Stats

  • This quiz has been taken 377 times
  • The average score is 8 of 15

Answer Stats

HintAnswer% Correct
91Leo Messi
97%
91Kylian Mbappe
94%
90Cristiano Ronaldo
91%
91Karim Benzema
75%
91Robert Lewandowski
72%
91Kevin de Bruyne
71%
89Neymar
58%
90Mohamed Salah
48%
90Virgil Van Dijk
48%
90Manuel Neuer
47%
89Sadio Mane
35%
89Heung Min Son
27%
89Joshua Kimmich
22%
89Casemiro
20%
90Thibaut Courtouis
6%

Score Distribution

Percentile by Number Answered

Percent of People with Each Score

Your Score History

You have not taken this quiz